Normal view
MARC view
- India-Pakistan Conflict, 1971
Entry Topical Term
001 - CONTROL NUMBER
- control field: 132990
003 - CONTROL NUMBER IDENTIFIER
- control field: NUST
005 - DATE AND TIME OF LATEST TRANSACTION
- control field: 20260130144510.0
008 - FIXED-LENGTH DATA ELEMENTS
- fixed length control field: 260130|| aca||aabn | a|a d
040 ## - CATALOGING SOURCE
- Original cataloging agency: NUST
- Transcribing agency: NUST
150 ## - HEADING--TOPICAL TERM
- Topical term or geographic name entry element: India-Pakistan Conflict, 1971
- General subdivision: Regimental histories
- Geographic subdivision: Pakistan
670 ## - SOURCE DATA FOUND
- Source citation: Work cat.: (NUST)0: Ghumman, Israr Ahmad, author. 132988, Steeds of war :
